Strategie pro čas globalizace

Fázy procesu zmeny podnikového vedenia. Vytváranie vedomia potreby zmeny. Formulácia vízie. Úkolovanie krokov a monitorovanie pokroku. Zabezpečenie nevratnosti tradičných koncepcií.

Salvato in:
Dettagli Bibliografici
Autore principale: Matějka, Milan
Natura: Capitolo di libro
Lingua:ceco
Soggetti:
Tags: Aggiungi Tag
Nessun Tag, puoi essere il primo ad aggiungerne!!

MARC

LEADER 00000naa a2200000 4500
001 r033155
005 20230920095227.6
041 0 |a cze 
044 |a CZ 
245 1 0 |a Strategie pro čas globalizace  |c Milan Matějka 
520 |a Fázy procesu zmeny podnikového vedenia. Vytváranie vedomia potreby zmeny. Formulácia vízie. Úkolovanie krokov a monitorovanie pokroku. Zabezpečenie nevratnosti tradičných koncepcií. 
610 2 0 |a globalizácia 
610 2 0 |a riadenie operatívne 
610 2 0 |a práca tímová 
610 2 0 |a Česko 
610 2 0 |a zmeny organizačné 
610 2 0 |a vedenie podniku 
610 2 0 |a zamestnanci 
610 2 0 |a stratégia podniková 
610 2 0 |a koncepcie 
100 1 |a Matějka, Milan